| 000 | 01702cam a2200433 a 4500 | ||
|---|---|---|---|
| 001 | 12984219 | ||
| 003 | OSt | ||
| 005 | 20140310181733.0 | ||
| 008 | 021029s2003 nyu c b 000 0 eng | ||
| 010 | _a 2002191229 | ||
| 020 | _a043946336X (pbk.) | ||
| 040 |
_aDLC _cDLC _dDLC |
||
| 042 | _alcac | ||
| 050 | 0 | 0 |
_aPS 3569 _b.Sa121 2003 |
| 082 | 0 | 0 |
_aTRE 813.54 _b V63h 2003 |
| 100 | 1 |
_aVescia, Monique. _92295 |
|
| 245 | 1 | 2 |
_aA reading guide to Holes _cLouis Sachar |
| 246 | 3 | 8 | _aHoles |
| 260 |
_aNew York : _bScholastic Reference, _cc2003. |
||
| 300 |
_a64 p. ; _c21 cm. |
||
| 440 | 0 |
_aScholastic bookfiles _92296 |
|
| 504 | _aIncludes bibliographical references (p. 64). | ||
| 520 | _aDiscusses the writing, characters, plot, and themes of this 1999 Newbery award-winning book. Includes discussion questions and activities. | ||
| 521 | _aFaculty | ||
| 541 | _j1 | ||
| 541 | _j2 | ||
| 541 | _j3 | ||
| 562 | _e3 | ||
| 600 | 1 | 0 |
_aSachar, Louis, _d1954- _tHoles _vJuvenile literature. _92309 |
| 600 | 1 | 1 |
_aSachar, Louis, _d1954- _tHoles. _92310 |
| 650 | 0 |
_aHomeless persons in literature _vJuvenile literature. _92311 |
|
| 650 | 0 |
_aFriendship in literature _vJuvenile literature. _92312 |
|
| 650 | 0 |
_aBoys in literature _vJuvenile literature. _92313 |
|
| 650 | 1 |
_aAmerican literature _xHistory and criticism. _92314 |
|
| 856 | 4 | 2 |
_3Publisher description _uhttp://www.loc.gov/catdir/description/schol051/2002191229.html |
| 906 |
_a7 _bcbc _corignew _d1 _eocip _f20 _gy-gencatlg |
||
| 942 |
_2lcc _cBK-TR _kTRE |
||
| 999 |
_c2470 _d2470 |
||